[Event "Stay Safe Play From Home 407"]
[Site "Emanuel Lasker Arena"]
[Date "2020.08.24"]
[Round "5"]
[White "Ionelluca"]
[Black "Dukic"]
[Result "1-0"]
[WhiteElo "2015"]
[BlackElo "1799"]
[PlyCount "73"]
[EventDate "2020.08.24"]
[EventType "swiss (blitz)"]

1. c4 {[%emt 0:00:02]} c6 {[%emt 0:00:02]} 2. g3 {[%emt 0:00:03]} d6 {[%emt 0:00:01]} 3. Bg2 {[%emt 0:00:01]} Nd7 {[%emt 0:00:01]} 4. Nf3 {[%emt 0:00:01]} e5 {[%emt 0:00:01]} 5. b3 {[%emt 0:00:01]} Be7 {[%emt 0:00:01]} 6. d3 {[%emt 0:00:01]} Ngf6 {[%emt 0:00:02]} 7. Bb2 {[%emt 0:00:01]} O-O {[%emt 0:00:02]} 8. O-O {[%emt 0:00:02]} Re8 {[%emt 0:00:01]} 9. h3 {[%emt 0:00:01]} Bf8 {[%emt 0:00:08]} 10. Nbd2 {[%emt 0:00:02]} a5 {[%emt 0:00:04]} 11. Qc2 {[%emt 0:00:01]} Nc5 {[%emt 0:00:02]} 12. a3 {[%emt 0:00:02]} Qb6 {[%emt 0:00:07]} 13. d4 {[%emt 0:00:12]} Ncd7 {[%emt 0:00:29]} 14. Bc3 {[%emt 0:00:11]} e4 {[%emt 0:00:16]} 15. Ng5 {[%emt 0:00:08]} d5 {[%emt 0:00:01]} 16. c5 {[%emt 0:00:02]} Qc7 {[%emt 0:00:01]} 17. h4 {[%emt 0:00:01]} h6 {[%emt 0:00:02]} 18. Nh3 {[%emt 0:00:01]} Ng4 {[%emt 0:00:09]} 19. e3 {[%emt 0:00:04]} f5 {[%emt 0:00:05]} 20. Nf4 {[%emt 0:00:02]} Ndf6 {[%emt 0:00:03]} 21. Rfe1 {[%emt 0:00:05]} Qf7 {[%emt 0:00:05]} 22. Nf1 {[%emt 0:00:06]} g5 {[%emt 0:00:02]} 23. Nh3 {[%emt 0:00:03]} gxh4 {[%emt 0:00:05]} 24. gxh4 {[%emt 0:00:01]} Qh5 {[%emt 0:00:01]} 25. f3 {[%emt 0:00:04]} exf3 {[%emt 0:00:06]} 26. Bxf3 {[%emt 0:00:01]} Qxh4 {[%emt 0:00:01]} 27. Bg2 {[%emt 0:00:01]} Ne4 {[%emt 0:00:06]} 28. Re2 {[%emt 0:00:03]} Re7 {[%emt 0:00:12]} 29. Be1 {[%emt 0:00:01]} Qh5 {[%emt 0:00:05]} 30. Qd3 {[%emt 0:00:11]} Rg7 {[%emt 0:00:07]} 31. Ng3 {[%emt 0:00:11]} Qf7 {[%emt 0:00:11]} 32. Nf4 {[%emt 0:00:16]} Rg5 {[%emt 0:00:12]} 33. Qc2 {[%emt 0:00:11]} h5 {[%emt 0:00:05]} 34. Nxe4 {[%emt 0:00:01]} fxe4 {[%emt 0:00:03]} 35. Bh4 {[%emt 0:00:01]} Rf5 {[%emt 0:00:02]} 36. Kh1 {[%emt 0:00:03]} Be7 {[%emt 0:00:01]} 37. Bg3 {[%emt 0:00:04] Zeit Zeit Zeit (Lag: Av=0.45s, max=1.1s) (Lag: Av=0.45s, max=1.1s) (Lag: Av=0.45s, max=1.1s)} 1-0

[Event "Stay Safe Play From Home 407"]
[Site "Emanuel Lasker Arena"]
[Date "2020.08.24"]
[Round "5"]
[White "Nguyen Hong Anh"]
[Black "Greblah"]
[Result "1-0"]
[WhiteElo "2015"]
[BlackElo "1970"]
[PlyCount "85"]
[EventDate "2020.08.24"]
[EventType "swiss (blitz)"]

1. d4 {[%emt 0:00:02]} c6 {[%emt 0:00:00]} 2. c4 {[%emt 0:00:15]} d5 {[%emt 0:00:00]} 3. Nf3 {[%emt 0:00:02]} Nf6 {[%emt 0:00:02]} 4. g3 {[%emt 0:00:05]} e6 {[%emt 0:00:01]} 5. Bg2 {[%emt 0:00:01]} Bd6 {[%emt 0:00:02]} 6. O-O {[%emt 0:00:02]} O-O {[%emt 0:00:00]} 7. Qc2 {[%emt 0:00:17]} Nbd7 {[%emt 0:00:04]} 8. Nbd2 {[%emt 0:00:02]} a6 {[%emt 0:00:05]} 9. e4 {[%emt 0:00:02]} dxe4 {[%emt 0:00:02]} 10. Nxe4 {[%emt 0:00:01]} Nxe4 {[%emt 0:00:00]} 11. Qxe4 {[%emt 0:00:01]} Nf6 {[%emt 0:00:00]} 12. Qe2 {[%emt 0:00:01]} c5 {[%emt 0:00:02]} 13. Rd1 {[%emt 0:00:01]} cxd4 {[%emt 0:00:05]} 14. Nxd4 {[%emt 0:00:02]} Qc7 {[%emt 0:00:05]} 15. b3 {[%emt 0:00:02]} Rb8 {[%emt 0:00:09]} 16. Bb2 {[%emt 0:00:03]} Bd7 {[%emt 0:00:05]} 17. Rac1 {[%emt 0:00:01]} Bc6 {[%emt 0:00:03]} 18. Nxc6 {[%emt 0:00:01]} bxc6 {[%emt 0:00:02]} 19. c5 {[%emt 0:00:01]} Be7 {[%emt 0:00:04]} 20. Be5 {[%emt 0:00:01]} Qb7 {[%emt 0:00:04]} 21. Bxb8 {[%emt 0:00:01]} Rxb8 {[%emt 0:00:01]} 22. Qf3 {[%emt 0:00:07]} Nd5 {[%emt 0:00:02]} 23. Qd3 {[%emt 0:00:02]} Bg5 {[%emt 0:00:08]} 24. Rb1 {[%emt 0:00:06]} a5 {[%emt 0:00:18]} 25. a3 {[%emt 0:00:03]} Rd8 {[%emt 0:00:06]} 26. Qc4 {[%emt 0:00:07]} Qa7 {[%emt 0:00:04]} 27. b4 {[%emt 0:00:02]} axb4 {[%emt 0:00:02]} 28. axb4 {[%emt 0:00:03]} Qa3 {[%emt 0:00:06]} 29. b5 {[%emt 0:00:04]} cxb5 {[%emt 0:00:05]} 30. Rxb5 {[%emt 0:00:08]} h6 {[%emt 0:00:37]} 31. c6 {[%emt 0:00:02]} Ra8 {[%emt 0:00:10]} 32. c7 {[%emt 0:00:02]} Rc8 {[%emt 0:00:09]} 33. Rb8 {[%emt 0:00:03]} Qf8 {[%emt 0:00:02]} 34. Bxd5 {[%emt 0:00:04]} exd5 {[%emt 0:00:02]} 35. Rxc8 {[%emt 0:00:04]} Qxc8 {[%emt 0:00:04]} 36. Rxd5 {[%emt 0:00:01]} Bf6 {[%emt 0:00:02]} 37. Qc6 {[%emt 0:00:10]} Kh7 {[%emt 0:00:01]} 38. Qd7 {[%emt 0:00:03]} Qa6 {[%emt 0:00:03]} 39. c8=Q {[%emt 0:00:02]} Qa1+ {[%emt 0:00:01]} 40. Rd1 {[%emt 0:00:02]} Qe5 {[%emt 0:00:01]} 41. Qf5+ {[%emt 0:00:02]} g6 {[%emt 0:00:01]} 42. Qxe5 {[%emt 0:00:01]} Bxe5 {[%emt 0:00:00]} 43. Qf8 {[%emt 0:00:01] Zeit Zeit Zeit (Lag: Av=0.95s, max=1.7s) (Lag: Av=0.95s, max=1.7s) (Lag: Av=0.95s, max=1.7s)} 1-0

[Event "Stay Safe Play From Home 407"]
[Site "Emanuel Lasker Arena"]
[Date "2020.08.24"]
[Round "5"]
[White "Lazieri3"]
[Black "Hickey"]
[Result "0-1"]
[WhiteElo "1992"]
[BlackElo "2172"]
[PlyCount "110"]
[EventDate "2020.08.24"]
[EventType "swiss (blitz)"]

1. e4 {[%emt 0:00:01]} c6 {[%emt 0:00:02] Lazieri3 offers a draw Lazieri3 offers a draw Lazieri3 offers a draw} 2. d4 {[%emt 0:00:02]} d5 {[%emt 0:00:00]} 3. Nc3 {[%emt 0:00:01]} dxe4 {[%emt 0:00:02]} 4. Nxe4 {[%emt 0:00:00]} Nf6 {[%emt 0:00:00]} 5. Nxf6+ {[%emt 0:00:01]} exf6 {[%emt 0:00:00]} 6. Nf3 {[%emt 0:00:01]} Bd6 {[%emt 0:00:00]} 7. Be3 {[%emt 0:00:01]} O-O {[%emt 0:00:00]} 8. Bd3 {[%emt 0:00:02]} Re8 {[%emt 0:00:20]} 9. O-O {[%emt 0:00:02]} Bg4 {[%emt 0:00:02]} 10. h3 {[%emt 0:00:01]} Bh5 {[%emt 0:00:02]} 11. Be2 {[%emt 0:00:01]} Bc7 {[%emt 0:00:02]} 12. g4 {[%emt 0:00:25]} Bg6 {[%emt 0:00:06]} 13. Bd3 {[%emt 0:00:00]} Nd7 {[%emt 0:00:07]} 14. Bxg6 {[%emt 0:00:02]} hxg6 {[%emt 0:00:00]} 15. c4 {[%emt 0:00:05]} Nf8 {[%emt 0:00:03]} 16. Re1 {[%emt 0:00:02]} g5 {[%emt 0:00:04]} 17. Qd3 {[%emt 0:00:04]} Ng6 {[%emt 0:00:05]} 18. d5 {[%emt 0:00:13]} Qd6 {[%emt 0:00:07]} 19. c5 {[%emt 0:00:10]} Qxd5 {[%emt 0:00:03]} 20. Qxd5 {[%emt 0:00:01]} cxd5 {[%emt 0:00:00]} 21. Red1 {[%emt 0:00:06]} Rad8 {[%emt 0:00:04]} 22. Nd4 {[%emt 0:00:07]} Ne5 {[%emt 0:00:14]} 23. b3 {[%emt 0:00:09]} Nc6 {[%emt 0:00:15]} 24. Nb5 {[%emt 0:00:07]} Be5 {[%emt 0:00:09]} 25. Nd4 {[%emt 0:00:06]} a6 {[%emt 0:00:04]} 26. Rac1 {[%emt 0:00:04]} Bxd4 {[%emt 0:00:07]} 27. Bxd4 {[%emt 0:00:01]} Re4 {[%emt 0:00:00]} 28. Bb2 {[%emt 0:00:09]} Re2 {[%emt 0:00:03]} 29. Rb1 {[%emt 0:00:09]} d4 {[%emt 0:00:15]} 30. Rd3 {[%emt 0:00:03]} Ne5 {[%emt 0:00:06]} 31. Rxd4 {[%emt 0:00:19]} Nf3+ {[%emt 0:00:02]} 32. Kf1 {[%emt 0:00:01]} Nxd4 {[%emt 0:00:00]} 33. Bxd4 {[%emt 0:00:01]} Rxa2 {[%emt 0:00:01]} 34. Be3 {[%emt 0:00:01]} Rd3 {[%emt 0:00:02]} 35. b4 {[%emt 0:00:01]} Raa3 {[%emt 0:00:02]} 36. b5 {[%emt 0:00:01]} Rab3 {[%emt 0:00:03]} 37. Rxb3 {[%emt 0:00:07]} Rxb3 {[%emt 0:00:00]} 38. c6 {[%emt 0:00:03]} bxc6 {[%emt 0:00:03]} 39. bxa6 {[%emt 0:00:01]} Ra3 {[%emt 0:00:01]} 40. a7 {[%emt 0:00:01]} Kf8 {[%emt 0:00:01]} 41. Ke2 {[%emt 0:00:01]} Ke8 {[%emt 0:00:01]} 42. f4 {[%emt 0:00:02]} gxf4 {[%emt 0:00:01]} 43. Bxf4 {[%emt 0:00:00]} Rxa7 {[%emt 0:00:02]} 44. h4 {[%emt 0:00:00]} Ra4 {[%emt 0:00:00]} 45. Kf3 {[%emt 0:00:01]} Rxf4+ {[%emt 0:00:01]} 46. Kxf4 {[%emt 0:00:00]} g6 {[%emt 0:00:01]} 47. h5 {[%emt 0:00:01]} gxh5 {[%emt 0:00:01]} 48. gxh5 {[%emt 0:00:00]} Kf8 {[%emt 0:00:01]} 49. Kf5 {[%emt 0:00:00]} Kg7 {[%emt 0:00:01]} 50. h6+ {[%emt 0:00:01]} Kxh6 {[%emt 0:00:00]} 51. Kxf6 {[%emt 0:00:00]} c5 {[%emt 0:00:01]} 52. Ke5 {[%emt 0:00:00]} c4 {[%emt 0:00:01]} 53. Kd5 {[%emt 0:00:00]} Kg5 {[%emt 0:00:00]} 54. Kxc4 {[%emt 0:00:01]} Kg4 {[%emt 0:00:00]} 55. Kd3 {[%emt 0:00:00]} Kg3 {[%emt 0:00:02] Time Time Time (Lag: Av=0.65s, max=1.2s) (Lag: Av=0.65s, max=1.2s) (Lag: Av=0.65s, max=1.2s)} 0-1

[Event "Stay Safe Play From Home 407"]
[Site "Emanuel Lasker Arena"]
[Date "2020.08.24"]
[Round "5"]
[White "Klasman"]
[Black "Mangar1990"]
[Result "1-0"]
[WhiteElo "1504"]
[BlackElo "1337"]
[Annotator "NA"]
[PlyCount "35"]
[EventDate "2020.08.24"]
[EventType "swiss (blitz)"]

1. f4 {[%emt 0:00:03]} d5 {[%emt 0:00:03]} 2. e3 {[%emt 0:00:02]} Nc6 {[%emt 0:00:02]} 3. Nf3 {[%emt 0:00:02]} Bg4 {[%emt 0:00:03]} 4. c4 {[%emt 0:00:04]} e6 {[%emt 0:00:07]} 5. Qb3 {[%emt 0:00:03]} dxc4 {[%emt 0:00:36]} 6. Qxb7 {[%emt 0:00:06]} Nge7 {[%emt 0:00:05]} 7. Be2 {[%emt 0:00:17]} Bf5 {[%emt 0:00:06]} 8. Bxc4 {[%emt 0:00:05]} Rb8 {[%emt 0:00:04]} 9. Qa6 {[%emt 0:00:12]} g6 {[%emt 0:00:08]} 10. Nc3 {[%emt 0:00:18]} Bg7 {[%emt 0:00:04]} 11. Bb5 {[%emt 0:00:07]} Rb6 {[%emt 0:00:10]} 12. Qa4 {[%emt 0:00:16]} O-O {[%emt 0:00:03]} 13. O-O {[%emt 0:00:09]} Bd3 {[%emt 0:00:21]} 14. Bxd3 {[%emt 0:00:07]} Qxd3 {[%emt 0:00:05]} 15. Qe4 {[%emt 0:00:01]} Qd8 {[%emt 0:00:18]} 16. d4 {[%emt 0:00:02]} Nd5 {[%emt 0:00:10]} 17. Na4 {[%emt 0:00:13]} Rb8 {[%emt 0:00:27]} 18. a3 {[%emt 0:00:01] Time Time Time (Lag: Av=1.13s, max=2.2s) (Lag: Av=1.13s, max=2.2s) (Lag: Av=1.13s, max=2.2s)} 1-0

[Event "Stay Safe Play From Home 407"]
[Site "Emanuel Lasker Arena"]
[Date "2020.08.24"]
[Round "6"]
[White "Mepe_Nika"]
[Black "Nguyen Hong Anh"]
[Result "0-1"]
[WhiteElo "2379"]
[BlackElo "2036"]
[PlyCount "104"]
[EventDate "2020.08.24"]
[EventType "swiss (blitz)"]

1. d4 {[%emt 0:00:07]} Nf6 {[%emt 0:00:03]} 2. Bf4 {[%emt 0:00:02]} g6 {[%emt 0:00:01]} 3. Nc3 {[%emt 0:00:01]} d5 {[%emt 0:00:02]} 4. e3 {[%emt 0:00:00]} Bg7 {[%emt 0:00:01]} 5. Nb5 {[%emt 0:00:02]} Na6 {[%emt 0:00:02]} 6. h4 {[%emt 0:00:01]} h5 {[%emt 0:00:04]} 7. Be2 {[%emt 0:00:01]} O-O {[%emt 0:00:02]} 8. Nf3 {[%emt 0:00:00]} c5 {[%emt 0:00:01]} 9. Ne5 {[%emt 0:00:05]} cxd4 {[%emt 0:00:02]} 10. exd4 {[%emt 0:00:00]} Bf5 {[%emt 0:00:03]} 11. c3 {[%emt 0:00:02]} Nd7 {[%emt 0:00:12]} 12. O-O {[%emt 0:00:07]} Nxe5 {[%emt 0:00:02]} 13. Bxe5 {[%emt 0:00:00]} Bxe5 {[%emt 0:00:04]} 14. dxe5 {[%emt 0:00:00]} Nc5 {[%emt 0:00:01]} 15. Qd4 {[%emt 0:00:03]} b6 {[%emt 0:00:07]} 16. Rad1 {[%emt 0:00:02]} e6 {[%emt 0:00:03]} 17. Nd6 {[%emt 0:00:01]} Ne4 {[%emt 0:00:09]} 18. Nxe4 {[%emt 0:00:11]} Bxe4 {[%emt 0:00:10]} 19. f3 {[%emt 0:00:56]} Bf5 {[%emt 0:00:08]} 20. Qf2 {[%emt 0:00:05]} Bc2 {[%emt 0:00:12]} 21. Rd4 {[%emt 0:00:01]} Qc7 {[%emt 0:00:04]} 22. Ba6 {[%emt 0:00:13]} Bf5 {[%emt 0:00:04]} 23. g4 {[%emt 0:00:00]} hxg4 {[%emt 0:00:07]} 24. fxg4 {[%emt 0:00:00]} Qxe5 {[%emt 0:00:01]} 25. gxf5 {[%emt 0:00:01]} exf5 {[%emt 0:00:01]} 26. Qf4 {[%emt 0:00:08]} Qe6 {[%emt 0:00:06]} 27. h5 {[%emt 0:00:09]} Kg7 {[%emt 0:00:03]} 28. hxg6 {[%emt 0:00:06]} fxg6 {[%emt 0:00:01]} 29. Qf3 {[%emt 0:00:08]} Rad8 {[%emt 0:00:05]} 30. Qe2 {[%emt 0:00:02]} Qd6 {[%emt 0:00:03]} 31. Re1 {[%emt 0:00:01]} Qg3+ {[%emt 0:00:02]} 32. Kf1 {[%emt 0:00:04]} Rde8 {[%emt 0:00:09]} 33. Qxe8 {[%emt 0:00:05]} Rxe8 {[%emt 0:00:02]} 34. Rxe8 {[%emt 0:00:00]} Qh3+ {[%emt 0:00:01]} 35. Ke1 {[%emt 0:00:01]} Qh1+ {[%emt 0:00:01]} 36. Kd2 {[%emt 0:00:01]} Qg2+ {[%emt 0:00:01]} 37. Be2 {[%emt 0:00:02]} Kf6 {[%emt 0:00:05]} 38. Re3 {[%emt 0:00:02]} g5 {[%emt 0:00:01]} 39. Red3 {[%emt 0:00:02]} f4 {[%emt 0:00:02]} 40. Rxd5 {[%emt 0:00:01]} g4 {[%emt 0:00:01]} 41. Rd6+ {[%emt 0:00:01]} Kg5 {[%emt 0:00:01]} 42. R3d5+ {[%emt 0:00:01]} Kh4 {[%emt 0:00:01]} 43. Rf6 {[%emt 0:00:01]} f3 {[%emt 0:00:02]} 44. Re6 {[%emt 0:00:02]} fxe2 {[%emt 0:00:02]} 45. Rde5 {[%emt 0:00:00]} e1=Q+ {[%emt 0:00:02]} 46. Kxe1 {[%emt 0:00:00]} Qxb2 {[%emt 0:00:00]} 47. Re2 {[%emt 0:00:00]} Qxc3+ {[%emt 0:00:01]} 48. Kd1 {[%emt 0:00:00]} Qd3+ {[%emt 0:00:02]} 49. Kc1 {[%emt 0:00:00]} g3 {[%emt 0:00:04]} 50. R6e3 {[%emt 0:00:00] Mepe_Nika offers a draw Mepe_Nika offers a draw Mepe_Nika offers a draw} Qc4+ {[%emt 0:00:02]} 51. Kb1 {[%emt 0:00:00]} Kh3 {[%emt 0:00:01]} 52. Ka1 {[%emt 0:00:00]} Qc1# {[%emt 0:00:01] (Lag: Av=1.04s, max=1.7s) (Lag: Av=1.04s, max=1.7s) (Lag: Av=1.04s, max=1.7s)} 0-1

[Event "Stay Safe Play From Home 407"]
[Site "Emanuel Lasker Arena"]
[Date "2020.08.24"]
[Round "6"]
[White "Hickey"]
[Black "Klasman"]
[Result "1-0"]
[WhiteElo "2181"]
[BlackElo "1513"]
[PlyCount "35"]
[EventDate "2020.08.24"]
[EventType "swiss (blitz)"]

1. Nf3 {[%emt 0:00:02]} d5 {[%emt 0:00:03]} 2. b3 {[%emt 0:00:01]} f6 {[%emt 0:00:05]} 3. d4 {[%emt 0:00:02]} c5 {[%emt 0:00:03]} 4. e3 {[%emt 0:00:10]} Nc6 {[%emt 0:00:11]} 5. Bb2 {[%emt 0:00:03]} cxd4 {[%emt 0:00:02]} 6. exd4 {[%emt 0:00:03]} Bg4 {[%emt 0:00:01]} 7. Be2 {[%emt 0:00:02]} Nh6 {[%emt 0:00:08]} 8. O-O {[%emt 0:00:05]} Nf7 {[%emt 0:00:01]} 9. c4 {[%emt 0:00:17]} dxc4 {[%emt 0:00:05]} 10. bxc4 {[%emt 0:00:00]} Qb6 {[%emt 0:00:25]} 11. Bc3 {[%emt 0:00:14]} O-O-O {[%emt 0:00:06]} 12. d5 {[%emt 0:00:02]} e6 {[%emt 0:00:14]} 13. Qa4 {[%emt 0:00:07]} exd5 {[%emt 0:00:05]} 14. cxd5 {[%emt 0:00:00]} Rxd5 {[%emt 0:00:06]} 15. Qxg4+ {[%emt 0:00:02]} Kb8 {[%emt 0:00:18]} 16. Qe6 {[%emt 0:00:09]} Rc5 {[%emt 0:00:20]} 17. Qxf7 {[%emt 0:00:04]} Rxc3 {[%emt 0:00:02]} 18. Nxc3 {[%emt 0:00:02] Klasman resigns Klasman resigns Klasman resigns (Lag: Av=0.88s, max=1.3s) (Lag: Av=0.88s, max=1.3s) (Lag: Av=0.88s, max=1.3s)} 1-0

[Event "Stay Safe Play From Home 407"]
[Site "Emanuel Lasker Arena"]
[Date "2020.08.24"]
[Round "6"]
[White "Greblah"]
[Black "Ionelluca"]
[Result "0-1"]
[WhiteElo "1955"]
[BlackElo "2023"]
[PlyCount "118"]
[EventDate "2020.08.24"]
[EventType "swiss (blitz)"]

1. e4 {[%emt 0:00:01]} d6 {[%emt 0:00:10]} 2. d4 {[%emt 0:00:01]} Nf6 {[%emt 0:00:01]} 3. Nc3 {[%emt 0:00:01]} c6 {[%emt 0:00:06]} 4. f3 {[%emt 0:00:01]} Nbd7 {[%emt 0:00:02]} 5. Be3 {[%emt 0:00:01]} e5 {[%emt 0:00:01]} 6. Nge2 {[%emt 0:00:02]} Qc7 {[%emt 0:00:04]} 7. Qd2 {[%emt 0:00:01]} Be7 {[%emt 0:00:01]} 8. Ng3 {[%emt 0:00:02]} Nf8 {[%emt 0:00:02]} 9. dxe5 {[%emt 0:00:04]} dxe5 {[%emt 0:00:01]} 10. Bc4 {[%emt 0:00:01]} Ng6 {[%emt 0:00:03]} 11. O-O-O {[%emt 0:00:07]} Be6 {[%emt 0:00:05]} 12. Bxe6 {[%emt 0:00:03]} fxe6 {[%emt 0:00:01]} 13. Qf2 {[%emt 0:00:07]} O-O {[%emt 0:00:06]} 14. Rd3 {[%emt 0:00:05]} b5 {[%emt 0:00:03]} 15. h3 {[%emt 0:00:05]} Qa5 {[%emt 0:00:01]} 16. Kb1 {[%emt 0:00:02]} b4 {[%emt 0:00:01]} 17. Nd1 {[%emt 0:00:01]} Nf4 {[%emt 0:00:06]} 18. Bxf4 {[%emt 0:00:02]} exf4 {[%emt 0:00:01]} 19. Ne2 {[%emt 0:00:02]} e5 {[%emt 0:00:01]} 20. Qe1 {[%emt 0:00:04]} Rfd8 {[%emt 0:00:07]} 21. Nc1 {[%emt 0:00:02]} c5 {[%emt 0:00:03]} 22. Nb3 {[%emt 0:00:03]} Qb5 {[%emt 0:00:04]} 23. Rxd8+ {[%emt 0:00:02]} Rxd8 {[%emt 0:00:02]} 24. Nf2 {[%emt 0:00:01]} c4 {[%emt 0:00:02]} 25. Nc1 {[%emt 0:00:01]} Nh5 {[%emt 0:00:06]} 26. Ng4 {[%emt 0:00:07]} Ng3 {[%emt 0:00:01]} 27. Rg1 {[%emt 0:00:01]} Bc5 {[%emt 0:00:06]} 28. Ne2 {[%emt 0:00:09]} Nxe2 {[%emt 0:00:03]} 29. Rh1 {[%emt 0:00:06]} Nc3+ {[%emt 0:00:15]} 30. Ka1 {[%emt 0:00:19]} Rd1+ {[%emt 0:00:14]} 31. Qxd1 {[%emt 0:00:01]} Nxd1 {[%emt 0:00:01]} 32. Rxd1 {[%emt 0:00:00]} Bd4 {[%emt 0:00:02]} 33. Kb1 {[%emt 0:00:10]} h5 {[%emt 0:00:01]} 34. Nh2 {[%emt 0:00:03]} c3 {[%emt 0:00:01]} 35. Nf1 {[%emt 0:00:03]} Qe2 {[%emt 0:00:05]} 36. Kc1 {[%emt 0:00:02]} Qxg2 {[%emt 0:00:03]} 37. a3 {[%emt 0:00:07]} Qxf3 {[%emt 0:00:04]} 38. bxc3 {[%emt 0:00:02]} bxc3 {[%emt 0:00:03]} 39. Re1 {[%emt 0:00:04]} Be3+ {[%emt 0:00:01]} 40. Kb1 {[%emt 0:00:02]} Qxh3 {[%emt 0:00:03]} 41. Nxe3 {[%emt 0:00:07]} fxe3 {[%emt 0:00:02]} 42. Ka2 {[%emt 0:00:00]} Qf3 {[%emt 0:00:01]} 43. Kb3 {[%emt 0:00:03]} Qf2 {[%emt 0:00:01]} 44. Rd1 {[%emt 0:00:01]} e2 {[%emt 0:00:01]} 45. Rd8+ {[%emt 0:00:02]} Kh7 {[%emt 0:00:00]} 46. Kxc3 {[%emt 0:00:01]} e1=Q+ {[%emt 0:00:01]} 47. Kb3 {[%emt 0:00:00]} Qfe3+ {[%emt 0:00:01]} 48. Rd3 {[%emt 0:00:02]} Qxd3+ {[%emt 0:00:01]} 49. cxd3 {[%emt 0:00:01]} Qc1 {[%emt 0:00:00]} 50. a4 {[%emt 0:00:02]} h4 {[%emt 0:00:01]} 51. a5 {[%emt 0:00:01]} h3 {[%emt 0:00:01]} 52. d4 {[%emt 0:00:02]} exd4 {[%emt 0:00:02]} 53. e5 {[%emt 0:00:01]} h2 {[%emt 0:00:01]} 54. e6 {[%emt 0:00:00]} h1=Q {[%emt 0:00:01]} 55. e7 {[%emt 0:00:00]} Qc3+ {[%emt 0:00:01]} 56. Ka4 {[%emt 0:00:01]} Qha1+ {[%emt 0:00:01]} 57. Kb5 {[%emt 0:00:01]} Qab2+ {[%emt 0:00:01]} 58. Ka6 {[%emt 0:00:01]} Qc6+ {[%emt 0:00:01]} 59. Kxa7 {[%emt 0:00:01]} Qbb7# {[%emt 0:00:00] (Lag: Av=0.44s, max=1.0s) (Lag: Av=0.44s, max=1.0s) (Lag: Av=0.44s, max=1.0s)} 0-1

[Event "Stay Safe Play From Home 407"]
[Site "Emanuel Lasker Arena"]
[Date "2020.08.24"]
[Round "6"]
[White "Dukic"]
[Black "Lazieri3"]
[Result "1-0"]
[WhiteElo "1792"]
[BlackElo "1983"]
[Annotator "NA"]
[PlyCount "87"]
[EventDate "2020.08.24"]
[EventType "swiss (blitz)"]

1. c4 {[%emt 0:00:03]} c6 {[%emt 0:00:00]} 2. Nc3 {[%emt 0:00:02]} d5 {[%emt 0:00:00]} 3. cxd5 {[%emt 0:00:01]} cxd5 {[%emt 0:00:00]} 4. d4 {[%emt 0:00:01]} Nf6 {[%emt 0:00:00]} 5. Nf3 {[%emt 0:00:01]} Nc6 {[%emt 0:00:00]} 6. Bf4 {[%emt 0:00:01]} e6 {[%emt 0:00:01]} 7. e3 {[%emt 0:00:01]} h6 {[%emt 0:00:01]} 8. h3 {[%emt 0:00:02]} Bd6 {[%emt 0:00:00]} 9. Bd3 {[%emt 0:00:04]} Bxf4 {[%emt 0:00:01]} 10. exf4 {[%emt 0:00:01]} O-O {[%emt 0:00:00]} 11. O-O {[%emt 0:00:01]} b6 {[%emt 0:00:03]} 12. Rc1 {[%emt 0:00:02]} Nb4 {[%emt 0:00:01]} 13. Bb1 {[%emt 0:00:12]} Ba6 {[%emt 0:00:01]} 14. Re1 {[%emt 0:00:01]} Rc8 {[%emt 0:00:02]} 15. Qa4 {[%emt 0:00:12]} Qd6 {[%emt 0:00:21]} 16. a3 {[%emt 0:00:01]} Nd3 {[%emt 0:00:01]} 17. Qxa6 {[%emt 0:00:01]} Nxc1 {[%emt 0:00:04]} 18. Rxc1 {[%emt 0:00:02]} Qxf4 {[%emt 0:00:01]} 19. Re1 {[%emt 0:00:04]} Rc7 {[%emt 0:00:02]} 20. Qd3 {[%emt 0:00:18]} Rfc8 {[%emt 0:00:01]} 21. g3 {[%emt 0:00:10]} Qd6 {[%emt 0:00:33]} 22. Nb5 {[%emt 0:00:01]} Qe7 {[%emt 0:00:03]} 23. Nxc7 {[%emt 0:00:01]} Qxc7 {[%emt 0:00:00]} 24. Ne5 {[%emt 0:00:01]} Ne4 {[%emt 0:00:04]} 25. Qe3 {[%emt 0:00:07]} Nf6 {[%emt 0:00:08]} 26. g4 {[%emt 0:00:02]} Nd7 {[%emt 0:00:06]} 27. Qd3 {[%emt 0:00:11]} Nf6 {[%emt 0:00:06]} 28. Qf3 {[%emt 0:00:05]} b5 {[%emt 0:00:17]} 29. h4 {[%emt 0:00:03]} b4 {[%emt 0:00:03]} 30. g5 {[%emt 0:00:01]} hxg5 {[%emt 0:00:01]} 31. hxg5 {[%emt 0:00:01]} Ne4 {[%emt 0:00:00]} 32. Bxe4 {[%emt 0:00:04]} dxe4 {[%emt 0:00:00]} 33. Qxe4 {[%emt 0:00:01]} bxa3 {[%emt 0:00:01]} 34. bxa3 {[%emt 0:00:01]} Qc2 {[%emt 0:00:02]} 35. Qf4 {[%emt 0:00:10]} Rc7 {[%emt 0:00:06]} 36. Re3 {[%emt 0:00:10]} Qc1+ {[%emt 0:00:10]} 37. Kg2 {[%emt 0:00:01]} Qxa3 {[%emt 0:00:03]} 38. Rxa3 {[%emt 0:00:02]} f6 {[%emt 0:00:01]} 39. gxf6 {[%emt 0:00:02]} gxf6 {[%emt 0:00:00]} 40. Qxf6 {[%emt 0:00:01]} Rg7+ {[%emt 0:00:01]} 41. Kf3 {[%emt 0:00:01]} Kh7 {[%emt 0:00:03]} 42. Ke4 {[%emt 0:00:03]} Rg2 {[%emt 0:00:05]} 43. Rh3+ {[%emt 0:00:01]} Kg8 {[%emt 0:00:01]} 44. Rh8# {[%emt 0:00:01] (Lag: Av=0.49s, max=0.9s) (Lag: Av=0.49s, max=0.9s) (Lag: Av=0.49s, max=0.9s)} 1-0

[Event "Stay Safe Play From Home 407"]
[Site "Emanuel Lasker Arena"]
[Date "2020.08.24"]
[Round "7"]
[White "Nguyen Hong Anh"]
[Black "Dukic"]
[Result "1-0"]
[WhiteElo "2072"]
[BlackElo "1817"]
[PlyCount "57"]
[EventDate "2020.08.24"]
[EventType "swiss (blitz)"]

1. d4 {[%emt 0:00:02]} c6 {[%emt 0:00:02]} 2. c4 {[%emt 0:00:01]} d6 {[%emt 0:00:00]} 3. Nf3 {[%emt 0:00:02]} Nd7 {[%emt 0:00:01]} 4. g3 {[%emt 0:00:01]} e5 {[%emt 0:00:02]} 5. Bg2 {[%emt 0:00:01]} e4 {[%emt 0:00:02]} 6. Nfd2 {[%emt 0:00:01]} d5 {[%emt 0:00:01]} 7. cxd5 {[%emt 0:00:02]} cxd5 {[%emt 0:00:02]} 8. Nc3 {[%emt 0:00:00]} Nb6 {[%emt 0:00:03]} 9. O-O {[%emt 0:00:01]} f5 {[%emt 0:00:02]} 10. Nb3 {[%emt 0:00:03]} Nf6 {[%emt 0:00:02]} 11. Bf4 {[%emt 0:00:01]} a6 {[%emt 0:00:02]} 12. Rc1 {[%emt 0:00:02]} Bd6 {[%emt 0:00:03]} 13. Bg5 {[%emt 0:00:07]} O-O {[%emt 0:00:01]} 14. Nc5 {[%emt 0:00:02]} Qe7 {[%emt 0:00:03]} 15. Qb3 {[%emt 0:00:03]} Qd8 {[%emt 0:00:51]} 16. Bxf6 {[%emt 0:00:14]} Rxf6 {[%emt 0:00:06]} 17. Nxd5 {[%emt 0:00:02]} Nxd5 {[%emt 0:00:02]} 18. Qxd5+ {[%emt 0:00:02]} Kh8 {[%emt 0:00:02]} 19. Nxb7 {[%emt 0:00:01]} Bxb7 {[%emt 0:00:08]} 20. Qxb7 {[%emt 0:00:01]} Rb8 {[%emt 0:00:01]} 21. Qd5 {[%emt 0:00:07]} Rxb2 {[%emt 0:00:04]} 22. e3 {[%emt 0:00:01]} h5 {[%emt 0:00:04]} 23. Rc6 {[%emt 0:00:02]} a5 {[%emt 0:00:03]} 24. Rfc1 {[%emt 0:00:04]} g6 {[%emt 0:00:03]} 25. Rc8 {[%emt 0:00:01]} Qxc8 {[%emt 0:00:09]} 26. Rxc8+ {[%emt 0:00:02]} Bf8 {[%emt 0:00:02]} 27. Qe5 {[%emt 0:00:02]} Kg7 {[%emt 0:00:01]} 28. Rxf8 {[%emt 0:00:02]} Kh6 {[%emt 0:00:02]} 29. Qxf6 {[%emt 0:00:02] Zeit Zeit Zeit (Lag: Av=1.02s, max=1.6s) (Lag: Av=1.02s, max=1.6s) (Lag: Av=1.02s, max=1.6s)} 1-0